The small business start-up guide : (Record no. 1296)

MARC details
000 -LEADER
fixed length control field 01949cam a2200397 i 4500
005 - DATE AND TIME OF LATEST TRANSACTION
control field 20260322212054.0
008 - FIXED-LENGTH DATA ELEMENTS--GENERAL INFORMATION
fixed length control field data
010 ## - LIBRARY OF CONGRESS CONTROL NUMBER
LC control number 2012046646
020 ## - INTERNATIONAL STANDARD BOOK NUMBER
International Standard Book Number 9781402281327
020 ## - INTERNATIONAL STANDARD BOOK NUMBER
International Standard Book Number 1402281323 (pbk.)
040 ## - CATALOGING SOURCE
Original cataloging agency DLC
Language of cataloging eng
Transcribing agency DLC
Description conventions rda
042 ## - AUTHENTICATION CODE
Authentication code pcc
043 ## - GEOGRAPHIC AREA CODE
Geographic area code n-us---
050 00 - LIBRARY OF CONGRESS CALL NUMBER
Classification number HD62.5
Item number .R66 2013
082 00 - DEWEY DECIMAL CLASSIFICATION NUMBER
Classification number 658.1/1
Edition information 23
092 ## - LOCALLY ASSIGNED DEWEY CALL NUMBER (OCLC)
Classification number 658.1 Tho 2013
001 - CONTROL NUMBER
control field data
100 1# - MAIN ENTRY--PERSONAL NAME
Personal name Thompson, Matthew
Titles and words associated with a name (Business writer)
245 14 - TITLE STATEMENT
Title The small business start-up guide :
Remainder of title a surefire blueprint to successfully launch your own business /
Statement of responsibility, etc. Matthew Thompson, Michael Giabrone & Hal Root.
250 ## - EDITION STATEMENT
Edition statement 5th edition.
260 ## - PUBLICATION, DISTRIBUTION, ETC.
Date of publication, distribution, etc. c2013.
264 #1 - PRODUCTION, PUBLICATION, DISTRIBUTION, MANUFACTURE, AND COPYRIGHT NOTICE
Place of production, publication, distribution, manufacture Naperville, Illinois :
Name of producer, publisher, distributor, manufacturer Sourcebooks,
Date of production, publication, distribution, manufacture, or copyright notice [2013]
300 ## - PHYSICAL DESCRIPTION
Extent ix, 256 pages ;
Dimensions 23 cm
336 ## - CONTENT TYPE
Content type term text
Source rdacontent
337 ## - MEDIA TYPE
Media type term unmediated
Source rdamedia
338 ## - CARRIER TYPE
Carrier type term volume
Source rdacarrier
500 ## - GENERAL NOTE
General note Revision of: The small business start-up guide / Hal Root and Steve Koenig.
500 ## - GENERAL NOTE
General note Includes index.
505 0# - FORMATTED CONTENTS NOTE
Formatted contents note Are you really ready to start your own business? -- The nine great steps to start-up success -- Defining the business -- Your first business plan -- The seven main types of business entities-- The basics of forming each type of business entity --Franchising: the other alternative -- Money: the root of all business -- Getting social -- Taxes and insurance -- Regulations and licenses -- Planning for tomorrow -- Essential reading --State by state start-up information.
650 #0 - SUBJECT ADDED ENTRY--TOPICAL TERM
Topical term or geographic name entry element New business enterprises
Geographic subdivision United States
Form subdivision Handbooks, manuals, etc.
700 1# - ADDED ENTRY--PERSONAL NAME
Personal name Giabrone, Michael.
700 1# - ADDED ENTRY--PERSONAL NAME
Personal name Root, Hal,
Dates associated with a name 1967-
Title of a work Small business start-up guide.
906 ## - LOCAL DATA ELEMENT F, LDF (RLIN)
a 7
b cbc
c orignew
d 1
e ecip
f 20
g y-gencatlg
925 0# -
-- acquire
-- 2 shelf copies
-- policy default
955 ## - COPY-LEVEL INFORMATION (RLIN)
-- rd05 2013-02-02
-- xk02 2014-05-19 to BCCD (telework)
Holdings
Withdrawn status Lost status Damaged status Not for loan Home library Current library Shelving location Date acquired Total checkouts Full call number Barcode Date last seen Price effective from Koha item type
        Franklin Franklin General stacks 22/03/2026   658.1/1 23 BC0011339 22/03/2026 22/03/2026 Books